000 00521nam a2200169Ia 4500
008 240428s9999||||xx |||||||||||||| ||und||
020 _a0415144051
041 _aeng
082 _a321.8 V
100 _aVanhanen, Tatu
245 0 _aProspects of democracy : a study of 172 countries
260 _bRoutledge
_aLondon
_c1997
300 _axvi, 374 p. : ill.
650 _aDemocracy -- History. - World politics -- 1945-1989. - World politics -- 19th century - World politics -- 20th century
942 _cBK
999 _c324
_d324